Sân khấu và tôi

Sparad:
Bibliografiska uppgifter
Huvudupphovsman: Nguyễn Thị Minh Thái
Materialtyp: Bok
Språk:Undetermined
Publicerad: Tp. HCM Sân Khấu 1999
Ämnen:
Taggar: Lägg till en tagg
Inga taggar, Lägg till första taggen!
Thư viện lưu trữ: Trung tâm Học liệu Trường Đại học Cần Thơ
LEADER 00535nam a2200193Ia 4500
001 CTU_53392
008 210402s9999 xx 000 0 und d
020 |b 50000 
082 |a 895.922209 
082 |b Th103 
100 |a Nguyễn Thị Minh Thái 
245 0 |a Sân khấu và tôi 
245 0 |c Nguyễn Thị Minh Thái 
260 |a Tp. HCM 
260 |b Sân Khấu 
260 |c 1999 
650 |a vietnamese drâm 
650 |x history and criticism 
980 |a Trung tâm Học liệu Trường Đại học Cần Thơ